00382pab a2200157 454500008004000000100001800040245002600058260000900084300000900093362001100102650003900113650002000152650002500172650001700197773001000214180718b2001 xxu||||| |||| 00| 0 eng d aKhare, Harish aAmnesty for brutality c2001 ap.15 a26 Aug aCivil and political rights - India aAmnesty - India aHuman rights - India aHuman rights aHindu